Comercio sustentable por un consumo responsable y comprometido con el medio ambiente (Registro nro. 7007)

Detalles MARC
000 -CABECERA
Campo de control 01093nam a2200313 a 4500
005 - FECHA Y HORA DE LA ULTIMA TRANSACCION
Campo de control 20180803165422.0
008 - ELEMENTOS DE LONGITUD FIJA—INFORMACION GENERAL
Campo de control 160211t a gr|||| 00| 0 spa d
040 ## - FUENTE DE CATALOGACIÓN
Agencia catalogadora original CO-BoIAVH
Agencia transcriptora CO-BoIAVH
041 ## - IDIOMA
Código de idioma para texto/pista de sonido o título separado Español
082 04 - NUMERO DE CLASIFICACION DECIMAL DEWEY
Número de clasificación 381.41
Número del ítem M61c
100 1# - ASIENTO PRINCIPAL--NOMBRE PERSONAL
Nombre personal Micelli, Gabriela
9 (RLIN) 58966
245 1# - MENCION DE TITULO
Título Comercio sustentable por un consumo responsable y comprometido con el medio ambiente
Parte restante del título catálogo de productos y servicios Corredor Mesoamericano México, Programa Recursos Biológicos Colectivos
260 ## - PUBLICACION, DISTRIBUCION, ETC. (PIE DE IMPRENTA)
Lugar de publicación, distribución, etc. México
Nombre del editor, distribuidor, etc. Comisión Nacional para el Conocimiento y Uso de la Biodivesidad
Fecha de publicación, distribución, etc. 2007
300 ## - DESCRIPCION FISICA
Extensión 102 paginas.
Otros detalles físicos ilustraciones. ;
Dimensiones 22 x 16 cm.
650 #4 - ASIENTO SECUNDARIO DE MATERIA - TERMINO TEMATICO
Término temático o nombre geográfico como elemento de entrada Alimentos
9 (RLIN) 58967
650 #4 - ASIENTO SECUNDARIO DE MATERIA - TERMINO TEMATICO
Término temático o nombre geográfico como elemento de entrada Artesanias
9 (RLIN) 58968
650 #4 - ASIENTO SECUNDARIO DE MATERIA - TERMINO TEMATICO
Término temático o nombre geográfico como elemento de entrada Café
9 (RLIN) 58969
650 #4 - ASIENTO SECUNDARIO DE MATERIA - TERMINO TEMATICO
Término temático o nombre geográfico como elemento de entrada Ecoturismo
9 (RLIN) 92485
650 #4 - ASIENTO SECUNDARIO DE MATERIA - TERMINO TEMATICO
Término temático o nombre geográfico como elemento de entrada Fauna silvestre
9 (RLIN) 92225
650 #4 - ASIENTO SECUNDARIO DE MATERIA - TERMINO TEMATICO
Término temático o nombre geográfico como elemento de entrada madera
9 (RLIN) 58972
650 #4 - ASIENTO SECUNDARIO DE MATERIA - TERMINO TEMATICO
Término temático o nombre geográfico como elemento de entrada mezcal
9 (RLIN) 58973
650 #4 - ASIENTO SECUNDARIO DE MATERIA - TERMINO TEMATICO
Término temático o nombre geográfico como elemento de entrada miel.
9 (RLIN) 58974
700 1# - ASIENTO SECUNDARIO - NOMBRE PERSONAL
Nombre personal Castillo, Delfina
9 (RLIN) 58975
700 1# - ASIENTO SECUNDARIO - NOMBRE PERSONAL
Nombre personal Neyra, Lucila
9 (RLIN) 58976
700 1# - ASIENTO SECUNDARIO - NOMBRE PERSONAL
Nombre personal Almeida, Dora
9 (RLIN) 58977
700 1# - ASIENTO SECUNDARIO - NOMBRE PERSONAL
Nombre personal Leal, Gloria
9 (RLIN) 58978
942 ## - ELEMENTOS ADICIONALES (KOHA)
Tipo de ítem Libro
Sistema de clasificación Dewey Decimal Classification
945 ## - PROCESAMIENTO LOCAL
AAAA-MM-DD - Fecha de ingreso o modificacion 2009-07-16
Existencias
Withdrawn status Lost status Sistema de Clasificación Damaged status No para préstamo Colección Inventariado Ubicación Permanente Ubicación actual Fecha de adquisición Fuente de Valor Valor Total Checkouts Número topográfico Inventario / Código de Barras Date last seen Ejemplar Price effective from Forma de adquisición Tipo de material
    Dewey Decimal Classification     General Inventariado 2017 Bogotá Bogotá 16/07/2009 Instituto 39000.00   LB-381.41 M61c 027348 04/12/2012 Ej.1 04/12/2012   Libro